<?xml version="1.0" encoding="UTF-8"?>
<record
    xmlns:xsi="http://www.w3.org/2001/XMLSchema-instance"
    xsi:schemaLocation="http://www.loc.gov/MARC21/slim http://www.loc.gov/standards/marcxml/schema/MARC21slim.xsd"
    xmlns="http://www.loc.gov/MARC21/slim">

  <leader>00504nam a22001697a 4500</leader>
  <controlfield tag="005">20240305164806.0</controlfield>
  <controlfield tag="008">240305b        |||||||| |||| 00| 0 eng d</controlfield>
  <datafield tag="041" ind1=" " ind2=" ">
    <subfield code="a">mar</subfield>
  </datafield>
  <datafield tag="082" ind1=" " ind2=" ">
    <subfield code="2">23</subfield>
    <subfield code="a">610.73</subfield>
    <subfield code="b">&#x92A;&#x930;&#x941;&#x933;&#x947;</subfield>
  </datafield>
  <datafield tag="100" ind1=" " ind2=" ">
    <subfield code="a">&#x92A;&#x930;&#x941;&#x933;&#x947;&#x915;&#x930; &#x936;. &#x935;&#x94D;&#x939;&#x940;.</subfield>
    <subfield code="9">186930</subfield>
  </datafield>
  <datafield tag="245" ind1=" " ind2=" ">
    <subfield code="a">&#x92A;&#x94D;&#x930;&#x925;&#x94B;&#x92E;&#x91A;&#x93E;&#x930;</subfield>
    <subfield code="b">(First Aid)</subfield>
  </datafield>
  <datafield tag="250" ind1=" " ind2=" ">
    <subfield code="a">1</subfield>
  </datafield>
  <datafield tag="260" ind1=" " ind2=" ">
    <subfield code="b">&#x935;&#x94B;&#x930;&#x93E; &#x92E;&#x947;&#x921;&#x93F;&#x915;&#x932; &#x92A;&#x92C;&#x94D;&#x932;&#x93F;&#x915;&#x947;&#x936;&#x928;</subfield>
    <subfield code="c">2002</subfield>
  </datafield>
  <datafield tag="300" ind1=" " ind2=" ">
    <subfield code="a">VI;167P.</subfield>
  </datafield>
  <datafield tag="650" ind1=" " ind2=" ">
    <subfield code="a">Nursing Foundation</subfield>
  </datafield>
  <datafield tag="942" ind1=" " ind2=" ">
    <subfield code="c">DB</subfield>
  </datafield>
  <datafield tag="999" ind1=" " ind2=" ">
    <subfield code="c">357408</subfield>
    <subfield code="d">357408</subfield>
  </datafield>
  <datafield tag="952" ind1=" " ind2=" ">
    <subfield code="0">0</subfield>
    <subfield code="1">0</subfield>
    <subfield code="2">ddc</subfield>
    <subfield code="4">0</subfield>
    <subfield code="7">0</subfield>
    <subfield code="a">SNCN</subfield>
    <subfield code="b">SNCN</subfield>
    <subfield code="d">2024-02-02</subfield>
    <subfield code="e">Donated by Avanti Institute of Cardiology Pvt. Ltd., Nagpur</subfield>
    <subfield code="g">15.00</subfield>
    <subfield code="i">IK#2023-24#00095</subfield>
    <subfield code="o">610.73 &#x92A;&#x930;&#x941;&#x933;&#x947;</subfield>
    <subfield code="p">SNCN-DB-180</subfield>
    <subfield code="r">2024-03-05 00:00:00</subfield>
    <subfield code="v">60.00</subfield>
    <subfield code="w">2024-02-01</subfield>
    <subfield code="y">DB</subfield>
  </datafield>
</record>
